Byte
| Μορφή: | Επιστημονικό περιοδικό |
|---|---|
| Γλώσσα: | English |
| Έκδοση: |
Peterborough, NH
McGraw-Hill [etc.]
|
| LEADER | 00994nas a2200241 u 4500 | ||
|---|---|---|---|
| 001 | 10029012 | ||
| 003 | upatras | ||
| 005 | 20211210141444.0 | ||
| 008 | 970211s1975 us m p eng | ||
| 952 | |0 0 |1 0 |2 ddc |4 0 |6 001_600000000000000 |7 0 |9 22563 |a LISP |b LISP |c SER |d 2016-04-24 |i 2285 |l 0 |o 001.6 |r 2016-04-24 00:00:00 |t 1 |w 2016-04-24 |y JNL | ||
| 999 | |c 13906 |d 13906 | ||
| 022 | |a 0360-5280 | ||
| 040 | |a GR-PaULI |c GR-PaULI | ||
| 041 | 0 | |a eng | |
| 082 | 0 | 4 | |a 001.6 |
| 222 | 0 | |a Byte |b [Περιοδικό] | |
| 245 | 1 | 0 | |a Byte |h [Περιοδικό] |
| 260 | |a Peterborough, NH |b McGraw-Hill [etc.] | ||
| 310 | |a Μηνιαίο | ||
| 362 | 0 | |a 22(1997)-23(1998) | |
| 852 | |a GR-PaULI |b ΠΑΤΡΑ |b ΒΚΠ |b Η |k ΠΕΡ |m 1519 |t 1 |3 22(1997)- | ||
| 866 | |a no. 4 (1975);no. 13-16 (1976);Vol. 2, no. 1-6,11,12 (1977);Vol. 3, no. 1,3-6,9-12 (1978);Vol. 4, no. 1-9,11 (1979);Vol. 5, no. 2,3,7-9,12 (1980);Vol. 6, no. 1,4,5 (1981);Vol. 7, no. 4,5 (1982);Vol. 8, no. 3,9 (1983);Vol. 22(1997)-v. 23 (1998) | ||
| 942 | |2 ddc |s 1 |c JNL | ||